000 00344 a2200157 4500
001 58710
020 _a85262336342
040 _cAnchieta - Pituba
100 _aCabrini, Conceição
240 1 0 _aHistória temática
_lpor
245 1 0 _aHistória temática
300 _a189
362 0 _a2000
650 4 _aHistória do mundo
942 _cBK
999 _c58710
_d58710